|
|
|
|
| LEADER |
00000cam a22000004a 4500 |
| 001 |
musev2_68556 |
| 003 |
MdBmJHUP |
| 005 |
20230905051104.0 |
| 006 |
m o d |
| 007 |
cr||||||||nn|n |
| 008 |
190423s2019 nyu o 00 0 eng d |
| 010 |
|
|
|z 2019019611
|
| 020 |
|
|
|a 9781501745010
|
| 020 |
|
|
|z 9781501761706
|
| 020 |
|
|
|z 9781501744990
|
| 020 |
|
|
|z 9781501745003
|
| 035 |
|
|
|a (OCoLC)1099539974
|
| 040 |
|
|
|a MdBmJHUP
|c MdBmJHUP
|
| 043 |
|
|
|a e-gx---
|a n-us---
|
| 050 |
0 |
4 |
|a PT2625.A44
|b Z54256 2019
|
| 082 |
0 |
|
|a 833/.912
|2 23
|
| 100 |
1 |
|
|a Boes, Tobias,
|d 1976-
|e author.
|
| 245 |
1 |
0 |
|a Thomas Mann's War :
|b Literature, Politics, and the World Republic of Letters /
|c Tobias Boes.
|
| 264 |
|
1 |
|a Ithaca :
|b Cornell University Press,
|c 2019.
|
| 264 |
|
3 |
|a Baltimore, Md. :
|b Project MUSE,
|c 2019
|
| 264 |
|
4 |
|c ©2019.
|
| 300 |
|
|
|a 1 online resource (378 pages).
|
| 336 |
|
|
|a text
|b txt
|2 rdacontent
|
| 337 |
|
|
|a computer
|b c
|2 rdamedia
|
| 338 |
|
|
|a online resource
|b cr
|2 rdacarrier
|
| 504 |
|
|
|a Includes bibliographical references and index.
|
| 505 |
0 |
|
|a Introduction: the German envoy to America -- The teacher of Germany -- The greatest living man of letters -- Interlude I: Joseph in Egypt -- The first citizen of the international republic of letters -- Interlude II: Lotte in Weimar -- Hitler's most intimate enemy -- Interlude III: the tables of the law -- A blooming flower -- Interlude IV: Joseph the provider -- The loyal American subject -- Interlude V: Doctor Faustus -- The isolated world citizen.
|
| 506 |
0 |
|
|a Open Access
|f Unrestricted online access
|2 star
|
| 520 |
|
|
|a "During the period of his American exile in the 1930s and 1940s, the German author Thomas Mann became one of the most prominent anti-fascists in the United States, and in so doing forever transformed our understanding of what a modern writer is and should be doing"--
|c Provided by publisher.
|
| 588 |
|
|
|a Description based on print version record.
|
| 600 |
1 |
0 |
|a Mann, Thomas,
|d 1875-1955
|x Political activity.
|
| 650 |
|
0 |
|a World War, 1939-1945
|x Public opinion.
|
| 650 |
|
0 |
|a World War, 1939-1945
|x Literature and the war.
|
| 650 |
|
0 |
|a Politics and literature
|z Germany
|x History
|y 20th century.
|
| 650 |
|
0 |
|a Authors, Exiled
|x Political activity
|z United States.
|
| 650 |
|
0 |
|a Authors, German
|y 20th century
|x Political and social views.
|
| 655 |
|
7 |
|a Electronic books.
|2 local
|
| 776 |
1 |
8 |
|i Online version:
|a Boes, Tobias, 1976- author.
|t Thomas Mann's war
|d Ithaca : Cornell University Press, 2019
|z 9781501745010
|w (DLC) 2019020253
|
| 710 |
2 |
|
|a Project Muse.
|e distributor
|
| 830 |
|
0 |
|a Book collections on Project MUSE.
|
| 856 |
4 |
0 |
|z Texto completo
|u https://projectmuse.uam.elogim.com/book/68556/
|
| 945 |
|
|
|a Project MUSE - 2019 Complete
|
| 945 |
|
|
|a Project MUSE - 2019 Literature
|